LEADER 01087nam a2200229 4500 001 000000341569 003 CaOOAMICUS 005 20200818103619.0 008 200818s1888 it a 000 u ita r 040 $aSeMil$bita 100 11$aTaramelli, Torquato,$d<1845-1922>.$0(OLS)http://semarc/name/111617 245 03$aIl terremoto ligure del 23 febbraio 1887 /$cmemoria dei professori T. Taramelli e G. Mercalli. 264 1$aRoma :$bTipografia Metastasio,$c1888. 300 $a296 p., [4] carte di tav. :$bill. ;$c33 cm 500 $aEstratto da: Annali dell'Ufficio Centrale di Meteorologia e di Geodinamica, pt. 4., v. 8 650 4$aTerremoti - Liguria - 1887.$0(OLS)http://semarc/subject/49414 700 1 $aMercalli, Giuseppe,$d<1850-1914>.$0(OLS)http://semarc/name/49037 850 $aSeMil 852 $aSeMil$W1$xVenegono$y1$m3XF VI 7 FA$j220764$B232576$CSeMilBibl$Z2$F232576 $8I 996 $6245$aIl terremoto ligure del 23 febbraio 1887$9(OLS)http://semarc/title/430535 996 $6264$aRoma :$bTipografia Metastasio$9(OLS)http://semarc/publisher/59223 LEADER 01008nam a2200217 i 4500 001 000000050751 003 CaOOAMICUS 005 20091214000000.0 008 091214s1912 it u000 u ita u 013 $a21922 040 $aSeMil$bita 100 1 $aFoerster, Friedrich Wilhelm.$0(OLS)http://semarc/name/780 245 12$aL'educazione civica dei giovani e degli adulti /$cFriedrich Foerster Wilhelm ; versione italiana [di] L. E. Bongioanni. 260 $aTorino :$bS.T.E.N. Società Tipografico Editrice Nazionale,$c[1912?] 300 $a127 p. ;$c20 cm. 650 4$aEducazione civica.$0(OLS)http://semarc/subject/10502 700 1 $aBongioanni, Luigi Enrico.$0(OLS)http://semarc/name/14409 850 $aSeMil 852 $aSeMil$W1$xVenegono$y1$m2F II 73$j16906$B16906$CSeMilBibl$Z2$F16906 $81 996 $6245$aL'educazione civica dei giovani e degli adulti$9(OLS)http://semarc/title/77522 996 $6260$aTorino :$bS.T.E.N. Società Tipografico Editrice Nazionale$9(OLS)http://semarc/publisher/30067